000
00324nam a22001457a 4500
020
_a
81-203-0744-5
041
_a
ENG
100
_a
Ball.D.A
245
_a
Solid State Pulse Circuits
250
_a
Fourth Ed
260
_a
Delhi
_b
Prentice Hall Of India
_c
2000
300
_a
594
650
_a
EOES
856
_u
EOES ( 14 )
999
_c
1105
_d
1105